<Der> private Haushalt als Wirtschaftsfaktor

Gespeichert in:
Bibliographische Detailangaben
Weitere Verfasser: Gräbe, Sylvia
Format: Buch
Sprache:Deutsch
Veröffentlicht: Frankfurt am Main Campus 1991
Ausgabe:1. Aufl.
Schriftenreihe:<Der> Private Haushalt Bd.13
Schlagworte:
Tags: Tag hinzufügen
Keine Tags, Fügen Sie das erste Tag hinzu!

MARC

LEADER 00000nam a2200000 4500
001 c012060
005 20221206114859.3
020 |a 3-593-34509-9 
041 0 |a ger 
044 |a DE 
245 1 0 |a <Der> private Haushalt als Wirtschaftsfaktor  |c Edit. Sylvia Gräbe 
250 |a 1. Aufl. 
264 1 |a Frankfurt am Main  |b Campus  |c 1991 
300 |a 216 s. 
490 1 |a <Der> Private Haushalt  |v Bd.13 
830 0 |a <Der> Private Haushalt  |v Bd.13 
610 2 0 |a rozpočty 
610 2 0 |a sektor súkromný 
610 2 0 |a príjmy 
610 2 0 |a princíp ekonomický 
610 2 0 |a rodina 
610 2 0 |a východné Nemecko 
610 2 0 |a služby sociálne 
700 1 |a Gräbe, Sylvia